Missing Word: New Wave Hits Quiz Stats

 Plays Quiz Updated Aug 19, 2017

Support Sporcle.
Go Orange.
Score 0/20 Timer 03:00
0 Plays Today
Song Word % Correct
Tainted _____Love
95.5%
_____ Killed the Radio StarVideo
89.8%
_____ Like the WolfHungry
87.6%
Our Lips Are _____Sealed
86.9%
Just Can't Get _____Enough
83.4%
Come On _____Eileen
83.1%
What I _____ About YouLike
82.9%
Do You Really Want to _____ MeHurt
82.8%
Don't You _____ MeWant
81.3%
_____ Don't CryBoys
78.6%
Song Word % Correct
Always Something There to _____ MeRemind
77.2%
She Blinded Me with _____Science
72.8%
My _____Sharona
72.7%
_____ ItWhip
72.1%
Rock _____Lobster
69%
_____ JapaneseTurning
68.5%
_____ KillerPsycho
59.8%
You Might _____Think
49.2%
I _____ with YouMelt
48.2%
_____ MuzikPop
46%

Today's Daily Dose

From the Vault

Packing Heat: Movies III

by druhutch

Movies 5m
Do we need a permit to carry this quiz?
Remove Ads.
Support Sporcle.
Get the best of Sporcle when you Go Orange. This ad-free experience offers more features, more stats, and more fun while also helping to support Sporcle. Thank you for becoming a member.

Show Comments

Extras

Top Quizzes Today


Score Distribution

Your Account Isn't Verified!

In order to create a playlist on Sporcle, you need to verify the email address you used during registration. Go to your Sporcle Settings to finish the process.

Report this User

Report this user for behavior that violates our Community Guidelines.

Details: